| 000 | 00567nam a2200193Ia 4500 | ||
|---|---|---|---|
| 001 | 58961 | ||
| 008 | 150821n2008 ii |||gr||||Z||||||465 | ||
| 020 | _a81-8387-060-0 | ||
| 082 | _a304.6 | ||
| 245 | 0 |
_aDemography, Economic Inequality, women and other Essays _cV.B.Jugale (Editor) _hTextual Documents |
|
| 250 | _aIst ed. | ||
| 260 |
_aNew Delhi _bSerials Publications _c2008 |
||
| 300 |
_a456pg: _c23cm. |
||
| 653 | _aEconomic | ||
| 653 | _aG-Economics | ||
| 653 | _aDemography, Economic Inequality, women | ||
| 700 |
_aJugale,V.B., _eEditor., |
||
| 942 |
_2ddc _cBK |
||
| 999 |
_c58848 _d58848 |
||